[Event "Polanica Zdroj op-C 56th"]
[Site "Polanica Zdroj"]
[Date "2020.08.21"]
[Round "7"]
[White "Kolodziejski, Grzegorz"]
[Black "Raclawicki, Kacper"]
[Result "0-1"]
[WhiteElo "1550"]
[BlackElo "1879"]
[PlyCount "90"]
[EventDate "2020.08.15"]
[EventType "swiss"]
[EventRounds "9"]
[EventCountry "POL"]
[SourceTitle "CBM 198 Extra"]
[Source "ChessBase"]
[SourceDate "2020.11.30"]
[SourceVersion "1"]
[SourceVersionDate "2020.11.30"]
[SourceQuality "1"]

1. e4 g6 2. d4 Bg7 3. Nc3 d6 4. Bg5 c5 5. dxc5 Qa5 6. Qd2 Qxc5 7. Nf3 Be6 8. Be3 Qa5 9. Nd4 Bd7 10. f3 Nc6 11. Be2 Nf6 12. g4 h6 13. h4 Rc8 14. 0-0-0 Ne5 15. h5 g5 16. Nf5 Bxf5 17. gxf5 Nc4 18. Bxc4 Rxc4 19. Qd3 b5 20. e5 dxe5 21. Nxb5 Rb4 22. Nxa7 e4 23. Qd8+ Qxd8 24. Rxd8+ Kxd8 25. Nc6+ Kc7 26. Nxb4 exf3 27. Bd4 Nxh5 28. Bxg7 Nxg7 29. f6 Nf5 30. fxe7 g4 31. Nd5+ Kc6 32. Nf6 g3 33. Ne4 Re8 34. Rg1 Rxe7 35. Nxg3 Nxg3 36. Rxg3 Re1+ 37. Kd2 f2 38. Rc3+ Kd5 39. Rd3+ Ke4 40. Kc3 f1Q 41. a4 Qf6+ 42. Kb3 Rb1 43. Rc3 Qb6+ 44. Kc4 Rxb2 45. a5 Qd4# 0-1

[Event "POL-ch U20"]
[Site "Ustron"]
[Date "2019.11.25"]
[Round "3"]
[White "Szpar, Milosz"]
[Black "Raclawicki, Kacper"]
[Result "1-0"]
[WhiteElo "2291"]
[BlackElo "1854"]
[PlyCount "49"]
[EventDate "2019.11.23"]
[EventType "swiss"]
[EventRounds "9"]
[EventCountry "POL"]
[SourceTitle "CBM 193 Extra"]
[Source "ChessBase"]
[SourceDate "2020.01.31"]
[SourceVersion "1"]
[SourceVersionDate "2020.01.31"]
[SourceQuality "1"]

1. e4 c6 2. d4 d5 3. Nd2 dxe4 4. Nxe4 Bf5 5. Ng3 Bg6 6. h4 h6 7. Nf3 e6 8. Ne5 Bh7 9. Bd3 Bxd3 10. Qxd3 Nf6 11. f4 Qa5+ 12. Bd2 Qb6 13. f5 c5 14. 0-0-0 Be7 15. fxe6 Qxe6 16. Nf5 Kf8 17. Kb1 c4 18. Nxc4 Nc6 19. Rde1 Qd7 20. Nxe7 Nxe7 21. Bb4 Nfd5 22. Ne5 Qe6 23. Ba3 Kg8 24. Rhf1 f5 25. c4 1-0

[Event "POL-ch U20"]
[Site "Ustron"]
[Date "2019.11.23"]
[Round "1"]
[White "Kokoszczynski, Jan"]
[Black "Raclawicki, Kacper"]
[Result "1-0"]
[WhiteElo "2264"]
[BlackElo "1854"]
[PlyCount "47"]
[EventDate "2019.11.23"]
[EventType "swiss"]
[EventRounds "9"]
[EventCountry "POL"]
[SourceTitle "CBM 193 Extra"]
[Source "ChessBase"]
[SourceDate "2020.01.31"]
[SourceVersion "1"]
[SourceVersionDate "2020.01.31"]
[SourceQuality "1"]

1. e4 c6 2. d4 d5 3. exd5 cxd5 4. Bd3 Nf6 5. c3 Nc6 6. Bf4 g6 7. h3 Bg7 8. Nd2 Bf5 9. Bxf5 gxf5 10. Ngf3 Ne4 11. Qe2 Rc8 12. g4 Qd7 13. Rg1 Bf6 14. Nb3 fxg4 15. hxg4 Rg8 16. Nfd2 Bg5 17. Nxe4 dxe4 18. Nc5 Nxd4 19. cxd4 Rxc5 20. dxc5 Bxf4 21. Rd1 Qc6 22. b4 h5 23. Rh1 hxg4 24. Qxg4 1-0

[Event "POL-chT U20"]
[Site "Kudowa Zdroj"]
[Date "2018.07.26"]
[Round "6.26"]
[White "Raclawicki, Kacper"]
[Black "Mis, Mieszko"]
[Result "0-1"]
[WhiteElo "1799"]
[BlackElo "2291"]
[PlyCount "107"]
[EventDate "2018.07.21"]
[EventType "team-tourn"]
[EventRounds "9"]
[EventCountry "POL"]
[SourceTitle "CBM 186 Extra"]
[Source "ChessBase"]
[SourceDate "2018.08.24"]
[SourceVersion "1"]
[SourceVersionDate "2018.08.24"]
[SourceQuality "1"]

1. e4 g6 2. Ne2 Bg7 3. g3 d5 4. Bg2 dxe4 5. Bxe4 Nf6 6. Bg2 e5 7. 0-0 0-0 8. d4 Nbd7 9. c3 c6 10. Nd2 exd4 11. Nxd4 Ne5 12. N2f3 Nxf3+ 13. Nxf3 Qb6 14. Qb3 Be6 15. Qxb6 axb6 16. Be3 Nd7 17. Rfd1 Nc5 18. Bxc5 bxc5 19. a3 Rad8 20. Ng5 Bb3 21. Rxd8 Rxd8 22. Ne4 b6 23. a4 f5 24. Ng5 Rd2 25. Bxc6 h6 26. Nf3 Rxb2 27. a5 bxa5 28. Rxa5 Bf8 29. Ne5 Bd6 30. Ra8+ Kg7 31. Ra7+ Kf6 32. Nd7+ Ke6 33. Nb6 f4 34. c4 Bd1 35. Bd5+ Ke5 36. gxf4+ Kd4 37. Nc8 Bxf4 38. Ne7 Bc2 39. Nc6+ Kc3 40. Ra3+ Rb3 41. Ra5 Bd6 42. Ra6 Bd3 43. Na7 Be5 44. Re6 Bf4 45. Nb5+ Kd2 46. Ra6 Bf5 47. Ra2+ Kd3 48. Ra1 Kc2 49. Ra2+ Rb2 50. Ra3 h5 51. Rf3 Be5 52. Re3 Bd4 53. Nxd4+ cxd4 54. Re2+ 0-1

[Event "Rubinstein Memorial-C 53rd"]
[Site "Polanica Zdroj"]
[Date "2017.08.23"]
[Round "5"]
[White "Raclawicki, Kacper"]
[Black "Gromczak, Dariusz"]
[Result "1-0"]
[WhiteElo "1722"]
[BlackElo "1979"]
[PlyCount "44"]
[EventDate "2017.08.19"]
[EventType "swiss"]
[EventRounds "9"]
[EventCountry "POL"]
[SourceTitle "CBM 180 Extra"]
[Source "ChessBase"]
[SourceDate "2017.10.06"]
[SourceVersion "1"]
[SourceVersionDate "2017.10.06"]
[SourceQuality "1"]

1. d4 d6 2. Nf3 g6 3. g3 Bg7 4. Bg2 c6 5. 0-0 Nd7 6. c4 Ngf6 7. Nc3 0-0 8. e4 e5 9. d5 cxd5 10. cxd5 Nc5 11. Re1 a5 12. Nd2 Nd3 13. Re3 Nxf2 14. Qb3 Nh3+ 15. Bxh3 Bxh3 16. Nc4 Ng4 17. Rf3 f5 18. Bd2 a4 19. Qb6 fxe4 20. Qxd8 exf3 21. Qxa8 f2+ 22. Kh1 Rxa8 1-0

[Event "POL-chT U19 2nd League"]
[Site "Szczyrk"]
[Date "2014.07.28"]
[Round "6.15"]
[White "Raclawicki, Kacper"]
[Black "Pniaczek, Marek"]
[Result "1/2-1/2"]
[WhiteElo "1540"]
[BlackElo "1585"]
[PlyCount "112"]
[EventDate "2014.07.25"]
[EventType "team-swiss"]
[EventRounds "11"]
[EventCountry "POL"]
[SourceTitle "EXT 2015"]
[Source "ChessBase"]
[SourceDate "2014.11.20"]
[SourceVersion "1"]
[SourceVersionDate "2014.11.20"]
[SourceQuality "1"]
[WhiteTeam "Opole Rodlo U19 II"]
[BlackTeam "Chrzanow UKS SP 8 U19"]
[WhiteTeamCountry "POL"]
[BlackTeamCountry "POL"]

1. e4 c5 2. Nf3 e6 3. d4 cxd4 4. Nxd4 Nf6 5. Bd3 Nc6 6. Nxc6 dxc6 7. Be3 e5 8. 0-0 Ng4 9. Qe2 Nxe3 10. Qxe3 Qb6 11. Qxb6 axb6 12. Bc4 Bc5 13. Kh1 Ke7 14. Nd2 b5 15. Bb3 Be6 16. a3 Rhd8 17. Nf3 f6 18. Bxe6 Kxe6 19. Kg1 Rd7 20. Rad1 Rad8 21. Rxd7 Rxd7 22. Re1 g6 23. Re2 Rd1+ 24. Re1 Rxe1+ 25. Nxe1 f5 26. exf5+ gxf5 27. Kf1 e4 28. Ke2 Bd6 29. g3 Be5 30. c3 Kd5 31. Kd2 f4 32. Ng2 fxg3 33. fxg3 Bg7 34. Ne3+ Ke5 35. Ke2 c5 36. b3 h5 37. h3 Bf6 38. g4 h4 39. c4 bxc4 40. Nxc4+ Kf4 41. Nd6 Bd4 42. Nf5 Bf6 43. a4 Bd8 44. Nd6 b6 45. Nc4 Kg3 46. Nxb6 Kxh3 47. Nd7 Kxg4 48. Nxc5 h3 49. Nxe4 h2 50. Nf2+ Kg3 51. Kf1 Bb6 52. Nh1+ Kf3 53. b4 Ke4 54. a5 Bxa5 55. bxa5 Kd5 56. Kg2 Kc5 1/2-1/2

[Event "POL Region-ch U13"]
[Site "Szczyrk"]
[Date "2012.10.21"]
[Round "8.4"]
[White "Klepek, Witold"]
[Black "Raclawicki, Kacper"]
[Result "1-0"]
[WhiteElo "1707"]
[BlackElo "1451"]
[PlyCount "40"]
[EventDate "2012.10.14"]
[EventType "swiss"]
[EventRounds "9"]
[EventCountry "POL"]
[SourceTitle "EXT 2023"]
[Source "ChessBase"]
[SourceDate "2022.10.05"]
[SourceVersion "1"]
[SourceVersionDate "2022.10.05"]
[SourceQuality "1"]

1. e4 c6 2. d3 d5 3. Nd2 e5 4. Ngf3 Bg4 5. g3 Nd7 6. Bg2 Bc5 7. 0-0 Ngf6 8. Re1 0-0 9. h3 Bxf3 10. Nxf3 Re8 11. Bg5 Qb6 12. Qe2 Nh5 13. Kf1 h6 14. Bc1 Rad8 15. Nh4 Nhf6 16. Nf5 Nf8 17. Be3 Bxe3 18. Nxe3 Ne6 19. c3 Nc5 20. Rad1 Na4 1-0